| 000 | 01108cam a2200325K 4500 | ||
|---|---|---|---|
| 001 | 99284 | ||
| 005 | 20230410132751.0 | ||
| 008 | 970318s1970 dr 000 0 spa d | ||
| 035 | _a(OCoLC)ocm36569995 | ||
| 040 |
_aFUG _cFUG |
||
| 035 | _a(OCoLC)36569995 | ||
| 049 | _aGRAL | ||
| 050 | 1 | 4 |
_aQC 173.58 _bA948r 1970 |
| 082 | 0 | 0 | _a530.1/1 |
| 100 | 1 |
_aAvelino, Andrés, _d1900-1974. |
|
| 245 | 1 | 0 |
_aRelatividad por el movimiento y relatividad por el reposo / _c[por Andrés Avelino] |
| 246 | 1 | 4 | _aRelatividad de Einstein y la relatividad de Garcia de la Concha |
| 260 |
_aSanto Domingo, R.D., _bUniversidad Autónoma de Santo Domingo, _c1970. |
||
| 300 |
_a66 p. ; _c23 cm. |
||
| 490 | 1 |
_aHis Obras completas ; _vno. 1 |
|
| 490 | 1 | _aPublicaciones de la Universidad Autónoma de Santo Domingo. | |
| 650 | 0 | _aRelativity (Physics) | |
| 650 | 4 | _aRelatividad (Física). | |
| 650 | 4 | _aTeoría cuántica | |
| 830 | 0 | _aPublicaciones de la Universidad Autónoma de Santo Domingo. | |
| 800 | 1 |
_aAvelino, Andrés. _tObras completas, _vno. 1. |
|
| 942 |
_2lcc _cbk |
||
| 946 | _aKK | ||
| 994 |
_aC0 _bDRFGD |
||
| 999 |
_c87387 _d87387 |
||